|
|
|
|
| LEADER |
00000nam0a2200000 4500 |
| 001 |
178515 |
| 005 |
20231101223417.0 |
| 035 |
|
|
|a (RuTPU)RU\TPU\book\193522
|
| 090 |
|
|
|a 178515
|
| 100 |
|
|
|a 20100407d1965 m y0rusy50 ca
|
| 101 |
1 |
|
|a rus
|c ger
|
| 102 |
|
|
|a RU
|
| 105 |
|
|
|a a z 001zy
|
| 200 |
1 |
|
|a Нелинейное программирование
|e пер. с нем.
|f Г. П. Кюнци, В. Крелле
|
| 210 |
|
|
|a Москва
|c Советское радио
|d 1965
|
| 215 |
|
|
|a 303 с.
|c черт.
|
| 320 |
|
|
|a Библиогр.: с. 286-293.
|
| 606 |
|
|
|a Нелинейное программирование
|2 stltpush
|3 (RuTPU)RU\TPU\subj\45330
|9 64581
|
| 610 |
1 |
|
|a математические основы
|
| 610 |
1 |
|
|a линейное программирование
|
| 610 |
1 |
|
|a метод Хилдрета
|
| 675 |
|
|
|a 519.853
|v 3
|
| 700 |
|
1 |
|a Кюнци
|b Г. П.
|g Ганс Пауль
|
| 701 |
|
1 |
|a Крелле
|b В.
|g Вильгельм
|
| 801 |
|
1 |
|a RU
|b 63413507
|c 20100407
|
| 801 |
|
2 |
|a RU
|b 63413507
|c 20140321
|g RCR
|
| 942 |
|
|
|c BK
|